Elementary linear algebra. (Record no. 1998)
[ view plain ]
| 000 -LEADER | |
|---|---|
| fixed length control field | 00757nac a22002411u 4500 |
| 010 ## - | |
| -- | 99041239 |
| 020 ## - INTERNATIONAL STANDARD BOOK NUMBER | |
| International Standard Book Number | 013085199X - 0131219332 |
| 035 ## - SYSTEM CONTROL NUMBER | |
| System control number | (DLC) 99041239 |
| 082 00 - DEWEY DECIMAL CLASSIFICATION NUMBER | |
| Classification number | 512.5 |
| Item number | K8343 |
| 090 ## - LOCALLY ASSIGNED LC-TYPE CALL NUMBER (OCLC); LOCAL CALL NUMBER (OCLC) | |
| -- | 1998 |
| -- | 1998 |
| 100 ## - MAIN ENTRY--PERSONAL NAME | |
| Personal name | Kolman, Bernard, |
| 245 10 - TITLE STATEMENT | |
| Title | Elementary linear algebra. |
| 250 ## - EDITION STATEMENT | |
| Edition statement | 8th ed. / |
| Remainder of edition statement | Bernard Kolman, David R. Hill. |
| 260 ## - | |
| -- | Upper Saddle River, N.J. : |
| -- | Prentice Hall,2000 |
| -- | 2000. |
| 300 ## - PHYSICAL DESCRIPTION | |
| Extent | xv, 568 p. : |
| Other physical details | ill. ; |
| Dimensions | 25 cm. |
| 336 ## - CONTENT TYPE | |
| Source | rdacontent |
| Content type term | text |
| Content type code | txt |
| 337 ## - MEDIA TYPE | |
| Media type term | unmediated |
| Source | rdamedia |
| Media type code | n |
| 338 ## - CARRIER TYPE | |
| Carrier type term | volume |
| Carrier type code | nc |
| Source | rdacarrier |
| 500 ## - GENERAL NOTE | |
| General note | Includes index. |
| 650 #0 - SUBJECT ADDED ENTRY--TOPICAL TERM | |
| Topical term or geographic name as entry element | Algebras, Linear. |
| 700 1# - ADDED ENTRY--PERSONAL NAME | |
| Personal name | Hill, David R. |
| Fuller form of name | (David Ross), |
| Dates associated with a name | 1943- |
| 942 ## - ADDED ENTRY ELEMENTS (KOHA) | |
| Koha item type | Book - Borrowing |
| Call number prefix | 512.5K8343 |
| Classification part | RDA-MOD |
| Withdrawn status | Lost status | Damaged status | Not for loan | Home library | Current library | Shelving location | Date acquired | Source of acquisition | Total Checkouts | Total Renewals | Full call number | Barcode | Date last seen | Date checked out | Cost, replacement price | Price effective from | Koha item type |
|---|---|---|---|---|---|---|---|---|---|---|---|---|---|---|---|---|---|
| Central Library | Central Library | First floor | 07/02/2007 | Purchase | 3 | 14 | 512.5 KOL | 000002389 | 01/02/2026 | 03/12/2025 | 221.00 | 07/02/2007 | Book - Borrowing |